Teatro mexicano : descripción breve de los sucesos exemplares de la Nueva España en el Nuevo Mundo occidental de las Indias : chronica de la provincia del Santo Evangelio /

Kaydedildi:
Detaylı Bibliyografya
Yazar: Vetancurt, Agustín de, Fray (autor)
Materyal Türü: Kitap
Dil:İspanyolca
Baskı/Yayın Bilgisi: Madrid, España : José Porrúa Turanzas, 1961
Etiketler: Etiketle
Etiket eklenmemiş, İlk siz ekleyin!

MARC

LEADER 00000nam^a2200000^a^4500
001 000456084
005 20250521000000.0
009 20260310124010.693
037 |a Acervo Xavier Clavigero 
041 |a ESP 
091 |a FCA. 05658 
100 |a Vetancurt, Agustín de,  |c Fray  |e (autor) 
245 1 0 |a Teatro mexicano :  |b descripción breve de los sucesos exemplares de la Nueva España en el Nuevo Mundo occidental de las Indias : chronica de la provincia del Santo Evangelio / 
264 1 |a Madrid, España :  |b José Porrúa Turanzas,  |c 1961 
300 |a XXXII, 372 p. 
336 |a texto  |b txt  |2 rdacontenido 
337 |a sin mediación  |b n  |2 rdamedio 
338 |a volumen  |b nc  |2 rdasoporte 
649 |a XX 
910 |a Fondo Xavier Cacho Vázquez S.J. 
920 |a Impresos - Libros 
930 |a Fondos Especiales 
905 |a 131 
901 |a 0500376974  |b IT2  |c ESP  |i D  |u 20250521 
902 |a https://opac.biblio.iteso.mx/vufind/Record/000456084